000 00911cab a2200265 4500
001 WB3405-03
008 090401t1998 xxu||||| |||| 00| 0 eng d
035 _a(Sirsi) u83564
041 _aeng
245 _aHigh spending spurs investment
260 _c1998
350 _a0
490 _aBirmingham Post
_v5 February 1998, 28(1)
520 _aGDP growth in the Midlands has seen increased investment in the commercial property market, according to DTZ Debenham Thorpe`s annual report.
650 _aECONOMIC GROWTH
650 _aGDP
650 _aINDUSTRIAL MARKET
650 _aINVESTMENT MARKET
650 _aMIDLANDS
650 _aPROPERTY-COMMERCIAL PROPERTY-OFFICE PROPERTY-OFFICE PROPERTY MARKET
650 _aPROPERTY-COMMERCIAL PROPERTY-RETAIL PROPERTY-RETAIL PROPERTY MARKET
690 _aPROPERTY-COMMERCIAL PROPERTY-COMMERCIAL PROPERTY MARKET
942 _n0
948 _c05/02/1998
999 _c52793
_d52793